000 00974nam a2200325Ia 4500
001 B4038
003 IT-RoPAU
008 130308s9999 xx 000 0 und d
040 _aIT-RoPAU
040 _cIT-RoPAU
041 _aPORTOGHESE
100 _aLagoa Ana
100 _gCodice Aut. SPICS: 38044
245 _aComunicacao e a cultura da violencia (A)
245 _bComunicacao na construcao da paz (A)
250 _a1a ed.
260 _aSAO PAULO
260 _bEdicoes Paulinas
260 _c1987 [1° Ed.:1987 - Ed.Ling.Originale:1987]
300 _a"4 p. (prefazione: no ; testo: 4 [pagine: 45-48])"
500 _aComunicazione e Cultura della Violenza. Potere dei mezzi di Comunicazione.Violenza nelle Grandi Imprese.
650 _aSOCIOLOGIA DELLA COMUNICAZIONE SOCIALE
650 _eCodice materia Spics: 3806
700 _aVieira Gilda
700 _gCodice Aut. SPICS: 38045
942 _cBK
957 _71
999 _c44226
_d44226
999 _bSI
999 _g1